UM Logo
Normal view MARC view
  • Egyptian mythology -- Fiction.

Entry Topical Term

Number of records used in: 1

001 - CONTROL NUMBER

  • control field: 42121

003 - CONTROL NUMBER IDENTIFIER

  • control field: OSt

005 - DATE AND TIME OF LATEST TRANSACTION

  • control field: 20200518112007.0

008 - FIXED-LENGTH DATA ELEMENTS

  • fixed length control field: 200518|| aca||aabn | a|a d

040 ## - CATALOGING SOURCE

  • Original cataloging agency: OSt
  • Transcribing agency: OSt

150 ## - HEADING--TOPICAL TERM

  • Topical term or geographic name entry element: Egyptian mythology -- Fiction.

670 ## - SOURCE DATA FOUND

  • Source citation: Work cat.: (OSt): Riordan, Rick 17672, The throne of fire / , [2011].